| 000 | 02317ncm0a2200421 4500 | ||
|---|---|---|---|
| 001 | RU\NLR\ONIZ\218719 | ||
| 005 | 20250626062653.0 | ||
| 010 | _a978-5-906541-10-9 | ||
| 021 |
_aRU _b16-381н _916-25н |
||
| 035 | _aRU\NLR\ONIZ\Таня\5000004626\20170609142057 | ||
| 035 | _a(NLR Aleph) 011415207 | ||
| 090 |
_a11580775 _c11580775 |
||
| 100 | _a20170609d2016 |||y0rusy50 ca | ||
| 101 | 0 | _arus | |
| 102 | _aRU | ||
| 125 | _azx | ||
| 145 | 0 | _ab | |
| 200 | 1 |
_aРепертуар концертмейстера по народному танцу _bНоты _eсборник мелодий и наигрышей в переложении и обработке для баяна _fА. Ермаков _gмуз. ред. Н. А. Ермаков |
|
| 210 |
_aЙошкар-Ола _c[б. и.] _gСалика _eЙошкар-Ола _dcop. 2016 |
||
| 215 |
_a60 с. _cил. _d29 см |
||
| 313 | _aСистематизация документа проведена по изданию - Методика классифицирования музыкальных произведений (нотных изданий) по таблицам Библиотечно-библиографических классификаций : метод. рекомендации / Гос. б-ка СССР им. В.И. Ленина.- М., 1977. Индексу ББК методических рекомендаций присваивается код ББК для научных библиотек - LBC/SL | ||
| 606 | 1 |
_aПереложения для баяна _jНоты _2nlr_sh |
|
| 606 | 1 |
_aНародные танцы _jНоты _2nlr_sh |
|
| 686 |
_aЩ956.6-092я44(2Р) _vLBC/SL _2rubbk |
||
| 686 |
_aЩ92(2Р=Мари)-5я43 _vLBC/SL _2rubbk |
||
| 700 | 1 |
_9z02790 _aЕрмаков _bА. С. _gАнатолий Серафимович _4230 _4030 |
|
| 702 | 1 |
_9z03790 _aЕрмаков _bН. А. _gН _4340 _7ca |
|
| 790 | 1 |
_9z02700 _aErmakov _bA. S. _gAnatolij Serafimovič _4230 _4030 _7ba |
|
| 790 | 1 |
_9z03702 _aErmakov _bN. A. _4340 _7ba |
|
| 801 | 0 |
_aRU _bNLR _c20170609 _gPSBO |
|
| 801 | 1 |
_aRU _bNLR _c20170609 _2rusmarc |
|
| 801 | 2 |
_aRU _bNLR _c20191129 |
|
| 852 |
_aNLR _bМ _jК-3/28483 _pМОЭ 2016-25н/381н _t1 |
||
| 852 |
_aNLR _bМ _jК-3/28483а _pМОЭ 2016-25н/381на _t2 |
||
| 942 | _cSCORE | ||
| 980 | _aNB | ||
| 980 | _aONIZ | ||